[Event "SUI-ch HT"]
[Site "Bern"]
[Date "2014.09.28"]
[Round "2"]
[White "Colmenares, Aurelio"]
[Black "Myers, Geoffrey"]
[Result "1-0"]
[WhiteElo "2312"]
[BlackElo "2153"]
[PlyCount "80"]
[EventDate "2014.09.27"]
[EventType "swiss"]
[EventRounds "9"]
[EventCountry "SUI"]
[SourceTitle "EXT 2016"]
[Source "ChessBase"]
[SourceDate "2015.10.08"]
[SourceVersion "1"]
[SourceVersionDate "2015.10.08"]
[SourceQuality "1"]

1. e4 e5 2. Nf3 Nc6 3. Bb5 g6 4. 0-0 Bg7 5. c3 a6 6. Ba4 d6 7. d4 Bd7 8. d5 Nce7 9. c4 h6 10. Nc3 f5 11. Bxd7+ Qxd7 12. Ne1 Nf6 13. f3 0-0 14. Nd3 c6 15. a4 Rac8 16. Qe2 Qc7 17. a5 cxd5 18. cxd5 Kh7 19. Bd2 fxe4 20. fxe4 Qd7 21. b3 Rc7 22. Nb2 g5 23. Nc4 Ng6 24. g3 Qd8 25. Na4 Rcf7 26. Bb4 Ne8 27. Rxf7 Rxf7 28. Rf1 Rf6 29. Rxf6 Qxf6 30. Nab6 Nh8 31. Qg4 Qg6 32. Qe6 Qxe4 33. Qxe8 Qd4+ 34. Kg2 Qe4+ 35. Kf2 Qd4+ 36. Ke2 e4 37. Nd2 Qd3+ 38. Kd1 Be5 39. Qd7+ Kg6 40. Qg4 Bf4 1-0

[Event "Selestat op 17th"]
[Site "Selestat"]
[Date "2010.02.20"]
[Round "5"]
[White "Myers, Geoffrey"]
[Black "Doncea, Vladimir"]
[Result "1/2-1/2"]
[WhiteElo "2102"]
[BlackElo "2484"]
[PlyCount "81"]
[EventDate "2010.02.18"]
[EventType "swiss"]
[EventRounds "7"]
[EventCountry "FRA"]
[SourceTitle "EXT 2012"]
[Source "ChessBase"]
[SourceDate "2011.11.24"]
[SourceVersion "1"]
[SourceVersionDate "2011.11.24"]
[SourceQuality "1"]

1. Nf3 c5 2. c4 Nf6 3. Nc3 d5 4. cxd5 Nxd5 5. d4 Nxc3 6. bxc3 g6 7. Bg5 Bg7 8. e3 Qa5 9. Qd2 Nc6 10. Rb1 cxd4 11. cxd4 Qxd2+ 12. Nxd2 f5 13. h4 e5 14. d5 h6 15. dxc6 bxc6 16. Bxh6 Rxh6 17. e4 Bf6 18. g3 Bd8 19. Bg2 Ba5 20. Rc1 Bb7 21. Rc5 Bb4 22. Rxe5+ Kf7 23. a3 Bxa3 24. 0-0 Bd6 25. Ra5 Bc7 26. Ra2 f4 27. Rb1 Bb6 28. Nc4 fxg3 29. Nxb6 axb6 30. Rxa8 gxf2+ 31. Kxf2 Bxa8 32. Rxb6 Rh8 33. e5 Re8 34. Ra6 Ke6 35. Bxc6 Bxc6 36. Rxc6+ Kf5 37. Rf6+ Kxe5 38. Rxg6 Kf5 39. Rg7 Kf6 40. Rg4 Kf5 41. Kg3 1/2-1/2